System of a Down Songs - Statistics

General Stats
  • This quiz has been taken 41 times
  • The average score is 40 of 67
Answer Stats
Album Answer % Correct
Toxicity Aerials
89%
Self-Titled Sugar
89%
Mezmerize B.Y.O.B.
84%
Toxicity Toxicity
84%
Toxicity Chop Suey!
79%
Self-Titled Darts
79%
Toxicity Prison Song
79%
Toxicity Deer Dance
74%
Hypnotize Hypnotize
74%
Self-Titled P.L.U.C.K.
74%
Self-Titled Soil
74%
Self-Titled Spiders
74%
Hypnotize Attack
68%
Self-Titled DDevil
68%
Toxicity Jet Pilot
68%
Mezmerize Lost In Hollywood
68%
Steal This Album! Mr. Jack
68%
Toxicity Needles
68%
Mezmerize Radio/Video
68%
Toxicity X
68%
Toxicity Arto
63%
Toxicity ATWA
63%
Steal This Album! Bubbles
63%
Self-Titled CUBErt
63%
Toxicity Forest
63%
Self-Titled Mind
63%
Self-Titled Peephole
63%
Toxicity Science
63%
Mezmerize Violent Pornography
63%
Toxicity Bounce
58%
Steal This Album! Chic 'N' Stu
58%
Steal This Album! Highway Song
58%
Steal This Album! I-E-A-I-A-I-O
58%
Hypnotize Kill Rock 'n Roll
58%
Self-Titled Know
58%
Mezmerize Old School Hollywood
58%
Mezmerize Sad Statue
58%
Self-Titled Suite-Pee
58%
Hypnotize Tentative
58%
Self-Titled War?
58%
Steal This Album! Boom!
53%
Mezmerize Cigaro
53%
Hypnotize Dreaming
53%
Steal This Album! Fuck the System
53%
Steal This Album! Innervision
53%
Steal This Album! Pictures
53%
Mezmerize Question!
53%
Mezmerize Revenga
53%
Steal This Album! Roulette
53%
Toxicity Shimmy
53%
Hypnotize Stealing Society
53%
Hypnotize U-Fig
53%
Hypnotize Vicinity of Obscenity
53%
Steal This Album! 36
47%
Hypnotize Holy Mountains
47%
Hypnotize Lonely Day
47%
Toxicity Psycho
47%
Mezmerize Soldier Side - Intro
47%
Steal This Album! Streamline
47%
Self-Titled Suggestions
47%
Mezmerize This Cocaine Makes Me Feel Like I'm On This Song
47%
Steal This Album! A.D.D (American Dream Denial)
42%
Steal This Album! Ego Brain
42%
Steal This Album! Nuguns
42%
Hypnotize She's Like Heroin
37%
Steal This Album! Thetawaves
37%
Hypnotize Solder Side
21%
No matching quizzes found
Score Distribution
Percent of People with Each Score
Percentile by Number Answered
Your Score History
You have not taken this quiz